China in Indian Ocean region / (Record no. 97190)

MARC details
000 -LEADER
fixed length control field 00605nam a22001937a 4500
005 - DATE AND TIME OF LATEST TRANSACTION
control field 20151201125335.0
010 ## - LCCN (DPL NO)
LC control number ENG-114108
020 ## - INTERNATIONAL STANDARD BOOK NUMBER
Terms of availability 850.00
International Standard Book Number 9788184249774
035 ## - SYSTEM CONTROL NUMBER
System control number EN-97640
037 ## - SOURCE OF ACQUISITION
Source of stock number/acquisition DBAD/PUB
082 ## - DEWEY DECIMAL CLASSIFICATION NUMBER
Classification number 327.5101824
245 ## - TITLE STATEMENT
Title China in Indian Ocean region /
Statement of responsibility, etc edited by R. Sidda Goud [and] Manisha Mookherjee
260 ## - PUBLICATION, DISTRIBUTION, ETC. (IMPRINT)
Place of publication, distribution, etc New Delhi
Name of publisher, distributor, etc Allied Publishers
Date of publication, distribution, etc 2015
270 ## - ADDRESS
Address A-104, Mayapuri Phase II,
City New Delhi
Postal code 110064
300 ## - PHYSICAL DESCRIPTION
Extent xx,268p.
Dimensions 25cm(Hb)
700 ## - ADDED ENTRY--PERSONAL NAME
Personal name Sidda Goud, R.
700 ## - ADDED ENTRY--PERSONAL NAME
Personal name Mookherjee, Manisha
942 ## - ADDED ENTRY ELEMENTS (KOHA)
Source of classification or shelving scheme Dewey Decimal Classification
Item type English Books
Call number suffix CHI
Classification part 327.5101824
Holdings
Withdrawn status Lost status Not for loan Collection code Home library Current library Date acquired Source of acquisition Cost, normal purchase price Full call number Barcode Copy number Cost, replacement price Koha item type
    Not For Loan Non-fiction D.B.Act.Division D.B.Act.Division 22/09/2015 DBAD/PUB 850.00 327.5101824 CHI EN-97640 1 850.00 English Books

© Delhi Public Library
Hit Counter
free hit counter